[Event "FIDE-Wch k.o."]
[Site "New Delhi/Teheran"]
[Date "2000.12.01"]
[Round "2.2"]
[White "Anand, Viswanathan"]
[Black "Bologan, Viktor"]
[Result "1-0"]
[WhiteElo "2762"]
[BlackElo "2641"]
[Annotator "Ftacnik,L"]
[PlyCount "83"]
[EventDate "2000.11.27"]
[EventType "k.o."]
[EventRounds "7"]
[EventCountry "IND"]
[SourceTitle "CBM 080"]
[Source "ChessBase"]
[SourceDate "2001.01.25"]
[SourceVersion "1"]
[SourceVersionDate "2001.01.25"]
[SourceQuality "1"]

1. e4 e5 2. Nf3 Nc6 3. Bb5 a6 4. Ba4 Nf6 5. O-O Be7 6. Re1 b5 7. Bb3 d6 8. c3
O-O 9. h3 Nb8 10. d4 Nbd7 11. Nbd2 Bb7 12. Bc2 Re8 13. Nf1 Bf8 14. Ng3 c5 15.
d5 c4 16. Bg5 Qc7 17. Nf5 (17. Qd2 Reb8 18. Nf5 {game aborted. Kasparov,
G-Piket,J/Internet/2000/ (18)}) 17... Kh8 18. g4 Ng8 {Bologan will try to get
away with concept of not weakening any of his kingside pawns.} (18... g6 $5 19.
Ne3 (19. Nh6 Re7 $13) 19... Bg7 $13) 19. Qd2 Nc5 (19... g6 20. Ng3 (20. Nh6 $2
f6 21. Be3 Bxh6 22. Bxh6 g5 $1 $17) 20... Bg7 21. b4 $14) 20. Be3 Bc8 21. Ng3 (
21. g5 g6 22. Ng3 Bxh3 $15) 21... Rb8 22. Kg2 a5 23. a3 Ne7 (23... g6 24. g5
Bg7 25. h4 $40) 24. Rh1 Ng6 25. g5 $1 b4 $5 {Anand has excellently prepared
for the kingside attack, so the opponent takes over the initiative with the
pawn sacrifice.} (25... Qb6 26. h4 $40) 26. axb4 axb4 27. cxb4 Na6 (27... Nf4+
28. Bxf4 exf4 29. bxc5 fxg3 30. c6 gxf2 31. Ra2 $16) 28. Ra4 (28. Rhc1 $5 Nxb4
29. Ba4 Re7 30. b3 Nd3 31. Rxc4 Ndf4+ 32. Kh2 Qd8 33. Nf5 $18) 28... Nf4+ 29.
Bxf4 exf4 30. Nh5 (30. Qxf4 Nxb4 31. Qd2 Qb6 $14) 30... Qb6 31. Qxf4 Nxb4 32.
Bb1 (32. Qxf7 Nxc2 33. Rxc4 (33. Qxe8 $2 Bxh3+ $19) 33... Qxb2 34. Rc7 Bf5 35.
exf5 Re2 $132) 32... Rb7 (32... Kg8 33. Rc1 Qb5 34. Ra3 Be7 35. Rac3 $16) 33.
Ra3 Rc7 (33... Nd3 34. Bxd3 Qxb2 35. Raa1 cxd3 36. Rhb1 Qxb1 (36... Qc3 37.
Rxb7 Bxb7 38. Qxf7 Qc8 39. Rc1 $18) 37. Rxb1 Rxb1 38. Qxf7 Rb8 39. g6 hxg6 40.
Ng5 $18) 34. Rd1 Na6 (34... Nd3 35. Bxd3 Qxb2 $2 36. Qc1 $1 $18) 35. Nd4 Qxb2
36. Rg3 c3 (36... Nc5 37. Nf6 $1) 37. Nf6 $3 {[%mdl 128] The tactical
reasoning behind this impressive move is pretty interesting, most of white
pieces are ready to jump on the enemy's king.} Re5 (37... gxf6 38. gxf6 h6 (
38... Re5 39. Rg1 $1 c2 40. Kh2 Bg7 41. Qh6 $18) 39. Rg1 $1 (39. Nf5 Qe2 (39...
Bxf5 40. exf5 Qe2 41. Re1 $1 $18) 40. Rg7 Qh5 41. Qg3 Bxf5 42. exf5 Qxd1 43.
Rg8+ Kh7 44. Rxf8 Qxd5+ 45. Be4 $1 Qxe4+ 46. Kg1 Qe1+ 47. Kg2 $11) 39... Qd2 $1
(39... c2 $2 40. Bxc2 Qxd4 41. Kh1 $18) 40. Qh4 c2 (40... Rb7 41. Bc2 $1 $18)
41. Nxc2 Rc3 (41... Rxc2 42. Bxc2 Qxc2 43. Kh1 Qxe4+ 44. Qxe4 Rxe4 45. Rg8+ Kh7
46. Rxf8 $18) 42. Ne3 Rc1 43. Kh2 $1 Rxg1 44. Rxg1 Re5 45. Nc4 Qd4 46. Nxd6 $18
) 38. g6 $1 fxg6 (38... hxg6 39. Qh4+ $18) (38... gxf6 39. Qxf6+ Bg7 40. Qd8+
$18) 39. Nd7 Be7 (39... Rf5 40. Nxf5 Bxd7 41. Nxd6 Be7 42. Nf7+ Kg8 43. d6 c2
44. dxe7 $18) 40. Nxe5 dxe5 41. Qf7 h6 (41... Qb4 42. Qe8+ Bf8 43. Rf3 Kg8 44.
d6 $18) 42. Qe8+ (42. Qe8+ Kh7 43. Qxg6+ $18) 1-0

[Event "Nanjing Pearl Spring 3rd"]
[Site "Nanjing"]
[Date "2010.10.23"]
[Round "4"]
[White "Gashimov, Vugar"]
[Black "Carlsen, Magnus"]
[Result "1/2-1/2"]
[WhiteElo "2719"]
[BlackElo "2826"]
[Annotator "Giri,A"]
[PlyCount "150"]
[EventDate "2010.10.20"]
[EventType "tourn"]
[EventRounds "10"]
[EventCountry "CHN"]
[EventCategory "21"]
[SourceTitle "CBM 139"]
[Source "ChessBase"]
[SourceDate "2010.11.18"]
[SourceVersion "1"]
[SourceVersionDate "2010.11.18"]
[SourceQuality "1"]

1. e4 e5 2. Nf3 Nc6 3. Bb5 a6 4. Ba4 Nf6 5. O-O Be7 6. Re1 b5 7. Bb3 d6 8. c3
O-O 9. h3 Nb8 {Breyer - no surprises. Magnus sticks to his main weapon.} 10. d4
Nbd7 11. Nbd2 Bb7 12. Bc2 Re8 13. Nf1 Bf8 14. Bg5 $5 {Interesting try, that
was already employed by Gashimov earlier a few times. So not a surprise for
Magnus. To be honest I always found this move to look a bit artificial, but ok,
it's hard to find any advantage in the main lines. So why not.} h6 15. Bh4 Be7
{Black wants to neutralise the psychological pressure (bishop h4-queen d8) and
to one day exchange the bishop on h4 for the passive one on e7 (f8).} 16. Ng3
$5 {A new try by Gashimov. At the Olympiad in Khanty, Kasimdzhanov tried 16.
a4 and Vachier Lagrave 16.Bg3.} g6 {A solid and logical move. Black is
covering f6 and preparing ...Kg7 followed by ...Nh7.} (16... g5 {is obviously
too risky without preparation - and probably also with it. White has
compensation after all three possibilities and it wasn't a surprise that
Magnus decided to play it safe.} 17. Nf5 $5 (17. Nxg5 $5) (17. Bxg5 $5)) 17.
Qd2 Kg7 18. Rad1 {Simply centralizing - why not?} Nh7 {as promissed black
exchanges the bishop.} 19. Bxe7 Qxe7 20. dxe5 {It is logical to take now,
since Black can't recapture with the pawn due to the hanging knight on d7.} ({
The favourite Kasparov method:} 20. h4 $5 {deserves some attention, though I
don't think the pawn alone can trouble black king so much. For example} Nhf6 (
20... h5 {is weakening the g5 square for later.}) 21. h5 {and White is sort of
having some pressure on g6, but I think without the dark squared bishop it is
really hard to create any attack.}) 20... Nxe5 21. Nd4 Qg5 $5 {Carlsen chooses
the most logical way to defend against Nf5+. But it allows a tactical blow,
which should have not lead to any advantage, had Magnus reacted correctly.} (
21... Nc4 $5 {Was a recipe for those who don't want to calculate any lines.}
22. Qe2 Qg5 {and Black is fine.}) 22. Ngf5+ $1 gxf5 23. f4 Nc4 $2 {It's a bit
surprising to me that Magnus didn't play the best continuation, since this one
leads to a distasteful position for Black in many ways. True it wasn't easy to
calculate all the lines after ...Nf3+!, but I can tell you that a player like
Magnus could have easily done it.} (23... Nf3+ $1 24. Nxf3 Qh5 {Now White has
several ways to continue, and even though it looks promising, objectively
Black is not even any worse.} 25. Qd4+ (25. Nd4 $5 Bxe4 (25... fxe4 26. Re3)
26. c4 $5 Nf6 27. cxb5 Kh7) 25... Nf6 $1 26. e5 Bxf3 27. exf6+ Kh8 28. Rxe8+
Rxe8) 24. fxg5 Nxd2 25. Nxf5+ (25. gxh6+ $5 Kg8 26. Rxd2 fxe4 27. Rf2 {was
also quite promising, but the way Gashimov played is the most human, and it is
also pretty good.}) 25... Kf8 26. Rxd2 hxg5 27. e5 $5 (27. Rf2 $5 {was also
possible, keeping e5 for later.}) 27... Nf6 $1 {Magnus is doing his best in
this difficult position, but Gashimov keeps on playing forcefully.} 28. Rf1 $1
Rxe5 29. Nxd6 $1 Rd8 30. Rxf6 cxd6 {Now we get a static endgame that is
extremely unpleasant for Black. The problem is that basically whatever White
does he always keeps up the pressure and has the better position.} 31. Bb3 Rd7
32. Kf2 d5 33. Rf3 Kg7 34. Rfd3 Rd6 35. Bd1 Bc8 36. Bf3 Be6 {Both players are
manoeuvring...} 37. Rd4 Kf6 38. a4 $1 {Now it's time for White to touch the
b-pawn.} bxa4 $1 {better a then b.} 39. Rxa4 Rb6 40. Be2 Bc8 41. Ra2 Bb7 42.
Ra4 Re4 43. Ra3 Re5 44. b4 Rc6 45. Rd4 Kg7 46. Bf3 Rf6 47. Rd3 Rf4 48. Ra5 Rc4
{Magnus seems to be active, but Gashimov again finds a good reply:} 49. Rc5 $1
{Not reacting to any provocations. Taking the pawn would probably lead to a
drawn rook endgame.} (49. Bxd5 $2 Bxd5 50. Raxd5 Rxd5 51. Rxd5 Rxc3 52. Rxg5+
Kf8 53. Ra5 Rc4 $1 54. Ra4 a5 $1 {Liquidating to a drawn rook ending (White
can press here of course).}) 49... Rxc5 50. bxc5 Re6 (50... Re7 {immediately
seems more precise to me.}) 51. Rd2 $1 {Transfering the rook and again wisely
not taking the pawn.} (51. Bxd5 $2 Bxd5 52. Rxd5 Kf6 {and Black seems to be
doing fine.}) 51... Re7 52. Rb2 (52. Bxd5 {Now was maybe the best chance.} Bxd5
53. Rxd5 Kf6 54. c6 Rc7 55. Rc5 {with good winning chances, which also means
good drawing ons. Black's problem here is that he can't just come over with
king and take on c6, since after that White will go g3 and h4, creating a
second passed pawn. However all of these things depend on tempos... Ah, those
rook endgames!}) 52... Bc8 53. Bxd5 {White has finally won a pawn, but now
under favourable conditions. Gashimov's patience was rewarded!} Re5 54. c4 Be6
$1 {Magnus is doing all he can and I am still not sure about the final
evaluation of this position!} 55. c6 $5 (55. Rd2 Kf6 56. c6 Ke7 {is also not
easy for White.}) 55... Bxd5 56. cxd5 Rxd5 57. Rc2 Rd8 58. c7 (58. Ra2 Rd3 $1
59. Rxa6 Rc3 {and it seems that Black is holding.}) 58... Rc8 59. Ke3 Kf6 60.
g3 a5 61. Kd4 Ke6 $1 {Now Black is just in time in all the lines. These guys
with 2800 are very often lucky. So in the end it's hard to come to a
conclusion about the endgame. Both players played quite well. Black always
seemed to be on the edge, but it was never easy and clear.} 62. h4 gxh4 63.
gxh4 a4 64. h5 a3 65. h6 a2 66. Rxa2 Rxc7 67. Ra6+ Kf5 68. h7 Rc8 69. Rh6 Rh8
70. Rh1 Kg6 71. Ke5 {Setting a trap, though at top GM level it is not really
setting a trap, but more like making a joke.} Re8+ (71... Rxh7 $4 72. Rg1+ {
and this unique position is won!}) 72. Kf4 Kg7 73. Kf5 Rh8 74. Rg1+ Kf8 75. Rh1
Kg7 1/2-1/2

[Event "Syre Memorial op 35th"]
[Site "Issy les Moulineaux"]
[Date "2012.05.20"]
[Round "6"]
[White "Guliyev, Namig"]
[Black "Shchekachev, Andrei"]
[Result "1/2-1/2"]
[WhiteElo "2522"]
[BlackElo "2513"]
[Annotator "Guliyev,N/Primel,D"]
[PlyCount "38"]
[EventDate "2012.05.17"]
[EventType "swiss"]
[EventRounds "6"]
[EventCountry "FRA"]
[SourceTitle "EXT 2015"]
[Source "ChessBase"]
[SourceDate "2014.11.20"]
[SourceVersion "1"]
[SourceVersionDate "2014.11.20"]
[SourceQuality "1"]

1. e4 {Je craignais une nulle de salon mais il y a eu une véritable partie et
les deux adversaires ont longuement analysé après la partie. J'ajoute quelques
analyses du GMI de la suite possible de la partie;} e5 2. Nf3 Nc6 3. Bb5 a6 4.
Ba4 Nf6 5. O-O Be7 6. Re1 b5 7. Bb3 d6 8. c3 O-O 9. h3 Nb8 {[%cal Gb8d7] La
vieille défense Breyer} (9... Na5) 10. d4 (10. d3 Nbd7 11. Nbd2 Bb7 12. Nf1 Re8
13. Ng3 Bf8 14. Ng5 d5 $13) 10... Nbd7 11. Nbd2 Bb7 12. Bc2 Re8 (12... c5) 13.
a4 (13. Nf1 {La grande ligne} Bf8 14. Ng3 g6 15. a4 c5 16. d5 (16. Be3 Qc7 17.
Qd2 cxd4 18. cxd4 Nb6 19. Bg5 Bg7 20. Rac1 Nc4 21. Qc3 exd4 22. Nxd4 Qc5 23.
Ndf5 gxf5 $13 {Keres,P-Szabo,L Alekhine Memorial 1963 (4) 1-0})) 13... Bf8 14.
Bd3 c6 15. b3 (15. Nf1 d5 (15... Qb8) 16. Bg5) 15... g6 16. Bb2 ({RR} 16. Ba3)
16... Qb6 $5 {Une ligne secondaire qui était souvent jouée par Spassky} (16...
Nh5 17. Qc2 Nf4 18. Bf1 Bg7 19. Rad1 Qb6 20. b4 d5) (16... exd4 {Nisipeanu,L 
(2659)-Carlsen,M (2815) Bazna Kings 5th 2011 (9) 1/2}) 17. Qc2 (17. c4 {
Morozevich,A (2743)-Sasikiran,K (2666) Biel GM 2004 (8) 1-0}) 17... Rac8 (17...
Nh5 18. Bf1 {Huebner,R (2600)-Spassky,B (2580) Venice m 1989 (3) 1/2}) 18. axb5
$146 (18. Bf1 Nh5 19. Rab1 exd4 20. cxd4 d5 21. Ba1 c5 22. exd5 {1/2-1/2 Hort,
V (2545)-Smejkal,J (2545)/Germany 1990/GER-chT}) 18... axb5 19. c4 Nh5 {
[%csl Rd4][%cal Gh5f4,Gf4e6,Gd3f1,Gg2g3,Gc4c5]} (19... Nh5 {Guliyev} 20. c5 $1
{[%csl Rd6,Re5][%cal Gc5d6]} dxc5 21. dxe5 Bg7 (21... Nf4 22. Bf1 {[%cal Gg2g3]
} Bg7 23. g3 Ne6 {[%csl Gd4]}) 22. e6 $5 Rxe6 $11) 1/2-1/2

[Event "Biel"]
[Site "Biel"]
[Date "1992.??.??"]
[Round "5"]
[White "Karpov, Anatoly"]
[Black "Beliavsky, Alexander G"]
[Result "1-0"]
[WhiteElo "2715"]
[BlackElo "2595"]
[Annotator "Hansen,Cu"]
[PlyCount "77"]
[EventDate "1992.07.??"]
[EventType "tourn"]
[EventRounds "14"]
[EventCountry "SUI"]
[EventCategory "16"]
[SourceTitle "CBM 031"]
[Source "ChessBase"]
[SourceDate "1992.12.01"]
[SourceVersion "1"]
[SourceVersionDate "1992.12.01"]
[SourceQuality "1"]

1. e4 e5 2. Nf3 Nc6 3. Bb5 a6 4. Ba4 Nf6 5. O-O Be7 6. Re1 b5 7. Bb3 d6 8. c3
O-O 9. h3 Nb8 10. d4 Nbd7 11. Nbd2 Bb7 12. Bc2 Re8 13. a4 Bf8 14. Bd3 c6 15. b3
g6 16. Qc2 Bg7 (16... exd4 17. cxd4 d5 18. e5 Nh5 19. Nf1 Ng7 20. Bh6 bxa4 21.
Rxa4 c5 22. N1h2 cxd4 23. Ng4 Qb6 24. Qd2 f5 25. exf6 Rxe1+ 26. Qxe1 Nxf6 $10 {
Short-Spassky Belfort 1988 (inf. 45/418)}) (16... Rc8 17. Bb2 Nh5 18. Bf1 Nf4
19. g3 Ne6 20. h4 $14 {Hubner-Smejkal BL 1989 (inf. 47/442)}) (16... Nh5 17.
Bb2 (17. Bf1 Qb6 18. Bb2 Rac8 19. Rad1 exd4 20. cxd4 d5 $132 {Hubner-Spassky
Venice m 1989}) 17... Nf4 18. Bf1 Bg7 {Timoschenko,Geo-Georgadze,G Podolsk
1989 (inf. 48/(481))} 19. g3 (19. Rad1 Ne6 {Aseev-Georgadze,G Lvov zt 1990} 20.
g3 $14) 19... Ne6 20. b4 $14 {Nb3-a5}) (16... Qc7 17. Bb2 Nh5 18. Bf1 Nf4 19.
c4 bxa4 20. Rxa4 Ne6 21. c5 Nxd4 22. Nxd4 exd4 23. cxd6 Bxd6 24. Bxd4 $14 {
Kinderman-Mokry Vienna 1991}) 17. Bb2 Nh5 (17... Qb6 18. b4 c5 $132 {
Stefansson-Carlhammar Rilton Cup 1988}) 18. Bf1 Qb6 19. b4 Nf4 (19... c5 20.
bxc5 dxc5 21. d5 $14 {/\Teb1, ><b5}) 20. dxe5 Nxe5 (20... dxe5 21. c4 $14) 21.
Nxe5 dxe5 22. c4 $14 {ץb7,ץg7} Rad8 $2 (22... bxc4 $2 23. Nxc4 Qxb4 24. Ba3
$18) (22... Ne6 $1 $132) 23. axb5 axb5 24. Ra5 $1 $16 {/\cxb5} Bf8 (24... bxc4
25. Nxc4 Qxb4 26. Rb1 $16 {/\Ba3/Bxe5}) 25. Bc3 {/\cxb5} Ne6 26. Nf3 {/\cxb5/
Sxe5} Nd4 $8 27. Bxd4 exd4 28. c5 {ץb7/ץf8} Qc7 29. Ra7 Qb8 (29... Ra8 30.
Rxa8 Rxa8 31. Nxd4 $16) 30. Qa2 {><f7,/^a2-g8,/\e4-e5-e6} d3 $8 31. Ra3 d2 32.
Nxd2 Rd4 33. e5 Rxb4 (33... Rxe5 34. Rxe5 Qxe5 35. Nf3 $18) 34. e6 $40 fxe6 35.
Rxe6 Kh8 (35... Rxe6 36. Qxe6+ Kh8 37. Re3) 36. Rae3 Rxe6 37. Qxe6 {/\38.Df7}
Rf4 (37... Bxc5 38. Qf6+ Kg8 39. Rd3 Bb6 40. Rd7 $18) 38. Ne4 {/\Nd6} Qd8 $2
39. Qe5+ {Hansen,Cu} 1-0

[Event "Reunion op 09th"]
[Site "Reunion"]
[Date "2007.10.16"]
[Round "4"]
[White "Wantiez, Fabrice"]
[Black "Sriram, Jha"]
[Result "1/2-1/2"]
[WhiteElo "2300"]
[BlackElo "2458"]
[Annotator "Hauchard,A"]
[PlyCount "41"]
[EventDate "2007.10.14"]
[EventType "swiss"]
[EventRounds "9"]
[EventCountry "FRA"]
[SourceTitle "EXT 2012"]
[Source "ChessBase"]
[SourceDate "2011.11.24"]
[SourceVersion "1"]
[SourceVersionDate "2011.11.24"]
[SourceQuality "1"]

1. e4 e5 2. Nf3 Nc6 3. Bb5 a6 4. Ba4 Nf6 5. O-O Be7 6. Re1 b5 7. Bb3 d6 8. c3
O-O 9. h3 Nb8 {La vieille variante Breyer qui laisse le cavalier se recycler
en d7 libérant ainsi le pion c7} 10. d4 Nbd7 11. c4 {Un coup assez moderne qui
change du routinier Cbd2} Bb7 (11... c6 {Est plus souple}) 12. Nc3 c6 13. a3 {
Fabrice jouait assez vite montrant qu'il s'était préparé pour cette partie} Rc8
$146 {Une nouveauté qui ne permet pas d'égaliser} 14. Bg5 (14. Be3 $5 {Et je
ne vois pas comment jouer avec les noirs}) 14... Re8 15. Bxf6 $5 {Une idée
intéressante des blancs qui veulent jouer contre les mauvais fous de
l'adversaire} Bxf6 16. d5 {Je pense qu'ici la tache des noirs est simplifiée
car la tension est relachée au centre} cxd5 17. cxb5 {Bien sur l'idée de Fou
prend f6} d4 {(=)} 18. bxa6 Bxa6 19. Nd5 Nb6 20. Rc1 Rc5 21. Qd2 {Fabrice
devait regretter d'avoir refusé la nulle et la proposa a son tour...Tout reste
possible dans cette position peu claire. Sur Fb7 on doit certainement prendre
en f6 et les noirs conservent un joli centre} (21. Ba2 Bb7 22. b4 Rxc1 23. Qxc1
{était une facon de jouer plus  dynamique}) 1/2-1/2

[Event "Asia-ch 4th"]
[Site "Doha"]
[Date "2003.02.27"]
[Round "6"]
[White "Ganguly, Surya Shekhar"]
[Black "Kayumov, Sergey"]
[Result "1/2-1/2"]
[WhiteElo "2556"]
[BlackElo "2479"]
[Annotator "Hecht,H"]
[PlyCount "171"]
[EventDate "2003.02.22"]
[EventType "swiss"]
[EventRounds "9"]
[EventCountry "QAT"]
[SourceTitle "CBM 094"]
[Source "ChessBase"]
[SourceDate "2003.05.26"]
[SourceVersion "1"]
[SourceVersionDate "2003.05.26"]
[SourceQuality "1"]

1. e4 e5 2. Nf3 Nc6 3. Bb5 a6 4. Ba4 Nf6 5. O-O Be7 6. Re1 b5 7. Bb3 d6 8. c3
O-O 9. h3 Nb8 10. d4 Nbd7 11. Nbd2 Bb7 12. Bc2 Re8 13. Nf1 Bf8 14. Ng3 g6 15.
a4 c5 16. d5 c4 17. Bg5 h6 18. Be3 Nc5 19. Qd2 h5 20. Bg5 Be7 21. Ra3 Nfd7 22.
Be3 Bf6 23. Rea1 Rb8 24. Ne2 bxa4 25. Ng3 h4 26. Nf1 a5 27. Bxc5 Nxc5 28. Bxa4
Re7 29. Bc2 a4 30. Qe2 Ba6 31. Bxa4 Reb7 32. Bc2 Rb6 33. Ne3 Bg5 34. Nxg5 Qxg5
35. R1a2 Qf4 36. Rxa6 Rxa6 37. Rxa6 Nxa6 38. Qxc4 Rxb2 39. Qxa6 Rxc2 40. Nxc2
Qc1+ 41. Qf1 Qxc2 42. Qe1 Kg7 43. Qe3 Qd1+ 44. Kh2 Qf1 45. Qf3 Qc1 46. Qe3 Qf1
47. Qd2 Kf6 48. Qc2 Qc4 49. Kg1 Kg7 50. f3 g5 51. Qc1 Qc5+ 52. Kh2 Kg6 53. c4
Kf6 54. Qc2 Kg7 55. g3 hxg3+ 56. Kxg3 Qg1+ 57. Qg2 Qc1 58. Kh2 Qf4+ 59. Kh1 Kf6
60. Kg1 Qe3+ 61. Qf2 Qc1+ 62. Qf1 Qe3+ 63. Kg2 Qd2+ 64. Qf2 Qc1 65. Qe2 Kg6 66.
Qa2 Kf6 67. Kg3 Qf4+ 68. Kg2 Qc1 69. Qe2 Kg6 70. Kf2 Kf6 71. Qe3 Qxc4 72. Qb6
Qd4+ 73. Qxd4 exd4 {[#] Thema: Freibauern} 74. f4 (74. Ke2 Ke5 75. Kd3 Kf4 76.
Kxd4 f6 $1 $19) 74... gxf4 75. h4 d3 76. h5 Kg5 77. e5 (77. h6 Kxh6 78. e5 Kg7
79. exd6 Kf8 $19) 77... Kg4 (77... dxe5 78. d6 e4 79. d7 e3+ 80. Kf3 $18) 78.
exd6 f3 79. d7 (79. Ke3 $142 Kg3 80. d7 f2 81. d8=Q f1=Q 82. Qg5+ Kh3 83. Kd4
Qe2 84. Qe3+ Kg4 85. Qxd3 Qf2+ 86. Kc4 Kxh5 87. d6 {und Weiß kann noch auf
Gewinn spielen.}) 79... d2 80. d8=Q d1=Q 81. Qd7+ f5 82. Qg7+ Kxh5 83. Qe5 Kg5
84. d6 Qd2+ 85. Kxf3 Qd3+ 86. Qe3+ 1/2-1/2

[Event "FIDE World Cup final"]
[Site "Hyderabad"]
[Date "2002.10.18"]
[Round "2.2"]
[White "Kasimdzhanov, Rustam"]
[Black "Beliavsky, Alexander G"]
[Result "1-0"]
[WhiteElo "2653"]
[BlackElo "2650"]
[Annotator "Hecht,H"]
[PlyCount "119"]
[EventDate "2002.10.15"]
[EventType "k.o."]
[EventRounds "3"]
[EventCountry "IND"]
[SourceTitle "CBM 092"]
[Source "ChessBase"]
[SourceDate "2003.02.06"]
[SourceVersion "1"]
[SourceVersionDate "2003.02.06"]
[SourceQuality "1"]

1. e4 e5 2. Nf3 Nc6 3. Bb5 a6 4. Ba4 Nf6 5. O-O Be7 6. Re1 b5 7. Bb3 d6 8. c3
O-O 9. h3 Nb8 10. d4 Nbd7 11. Nbd2 Bb7 12. Bc2 Re8 13. Nf1 Bf8 14. Ng3 g6 15.
b3 d5 16. Bg5 dxe4 17. Nxe5 h6 18. Nxd7 hxg5 19. Nxf6+ Qxf6 20. Bxe4 c6 21. b4
a5 22. a3 axb4 23. axb4 Rxa1 24. Qxa1 Bc8 25. Bc2 Rxe1+ 26. Qxe1 g4 27. hxg4
Bxg4 28. Qe3 Be6 29. Be4 Bc4 30. Bf3 Be7 31. Ne4 Qf5 32. g3 Bd5 33. Kg2 Kg7 34.
Kg1 Kf8 35. Kg2 Kg7 36. Qe2 Bc4 37. Qe1 Bd5 38. Qe3 Kf8 39. Kg1 Kg7 40. Bg2 Qg4
41. Nd2 Bg5 42. f4 Qd1+ 43. Nf1 Bf6 44. Bxd5 cxd5 {[#] Schlechter "guter"
Läufer, der nichts angreifen und nichts verteidigen kann. Weißes
Baukastenspiel gegen d5 unter gleichzeitiger Königssicherung} 45. Kf2 Qc2+ 46.
Qd2 Qb1 (46... Qxd2+ 47. Nxd2 $18 {[%csl Rb5][%cal Gd2b1,Gb1a3]}) 47. Ne3 Qh1 (
47... Qb3 48. Qc2 $18) (47... Qe4 48. Qe2 $18) 48. Qd1 Qh2+ 49. Ng2 Qh3 50. Qf3
Qc8 51. Ne3 $1 $18 {[%csl Gc3,Rd5][%cal Re3f5]} g5 52. Nxd5 g4 53. Qe2 Bd8 54.
Qd3 f5 55. Ne3 Qa8 56. Nxf5+ Kf8 57. Qe2 Qh1 58. Ne3 Qc1 59. Qxg4 Qxc3 60. Qf5+
1-0

[Event "Hyderabad WIPRO"]
[Site "Hyderabad"]
[Date "2000.07.16"]
[Round "1"]
[White "Ramaswamy, Aarthie"]
[Black "Vladimirov, Yevgeniy"]
[Result "0-1"]
[WhiteElo "2319"]
[BlackElo "2598"]
[Annotator "Hecht,H"]
[PlyCount "92"]
[EventDate "2000.07.16"]
[EventType "tourn"]
[EventRounds "11"]
[EventCountry "IND"]
[EventCategory "10"]
[SourceTitle "CBM 079"]
[Source "ChessBase"]
[SourceDate "2000.11.21"]
[SourceVersion "1"]
[SourceVersionDate "2000.11.21"]
[SourceQuality "1"]

1. e4 e5 2. Nf3 Nc6 3. Bb5 a6 4. Ba4 Nf6 5. O-O Be7 6. Re1 b5 7. Bb3 O-O 8. h3
d6 9. c3 Nb8 10. d4 Nbd7 11. Nbd2 Bb7 12. Bc2 Re8 13. Nf1 Bf8 14. Ng3 g6 15. a4
Bg7 16. d5 Qb8 17. b3 c6 18. c4 b4 19. Be3 a5 20. Qd2 cxd5 21. cxd5 Rc8 22.
Rac1 Nc5 23. Bh6 Bxh6 24. Qxh6 Rc7 25. Qe3 Qd8 26. Bd1 Nfd7 27. Nd2 Nb6 28. Be2
Qh4 29. Nc4 Nxc4 30. Bxc4 Rf8 31. Nf1 f5 32. exf5 gxf5 33. Qg3+ Qxg3 34. Nxg3
f4 35. Ne4 Nxe4 36. Rxe4 Rc5 37. Rd1 Bc8 38. f3 Bf5 39. Re2 Rfc8 40. Rb2 Rxc4
41. bxc4 Rxc4 42. Rdd2 Rc3 43. Kf2 b3 44. g4 fxg3+ 45. Kxg3 Kf7 46. h4 Bc2 (
46... Bc2 47. Kf2 Rc4 48. Ke3 Rxa4 49. Rdxc2 bxc2 50. Rxc2 Rd4 51. Rc7+ Kg6 52.
Rd7 Rxd5 $19) 0-1